Football teams starting with A - Statistics

General Stats
  • This quiz has been taken 55 times
  • The average score is 12 of 20
Answer Stats
Picture Answer % Correct
Aston Villa
92%
Arsenal
91%
Atlético Madrid
91%
Ajax
89%
Atalanta BC
79%
Athletico Bilbao
74%
Anderlecht
72%
Al-Nassr
70%
A.E.K.
60%
FC Augsburg
60%
Deportivo Alavés
58%
Aberdeen
55%
AJ Auxerre
45%
UD Almería
45%
Austria Wien
40%
Angers SCO
38%
Arminia Bielefeld
38%
Atlético Mineiro
36%
Ajaccio
34%
Athletico Paranaense
15%
No matching quizzes found
Score Distribution
Percent of People with Each Score
Percentile by Number Answered
Your Score History
You have not taken this quiz